000 00212 a2200097 4500
001 13930
100 _aLoomis R S
245 _aModern English Readings
260 _aNew York
_bRinehart
_c
090 _c10898
_d10898
942 _aNUST-CAE
_cM
_c1000
999 _c249003
_d249003